Геология и методика поисков и оценки месторождений твердых полезных ископаемых Казахстана: сборник научных трудов

書誌詳細
団体著者: Казахский научно-исследовательский институт минерального сырья
その他の著者: Пушко Е. П. (редактор)
言語:ロシア語
出版事項: Алма-Ата, КазИМС, 1988
主題:
フォーマット: 図書
KOHA link:https://koha.lib.tpu.ru/cgi-bin/koha/opac-detail.pl?biblionumber=88900

MARC

LEADER 00000nam0a2200000 4500
001 88900
005 20231101213630.0
035 |a (RuTPU)RU\TPU\book\95386 
090 |a 88900 
100 |a 20060111d1988 k y0rusy50 ca 
101 0 |a rus 
102 |a KZ 
105 |a a z 001zy 
200 1 |a Геология и методика поисков и оценки месторождений твердых полезных ископаемых Казахстана  |e сборник научных трудов  |f Казахский НИИ минерального сырья; под ред. Е. П. Пушко 
210 |a Алма-Ата  |c КазИМС  |d 1988 
215 |a 159 с.  |c ил. 
320 |a Библиогр. в конце статей 
610 1 |a полезные ископаемые 
610 1 |a сборники 
610 1 |a геология 
610 1 |a Казахстан 
675 |a 553.042  |v 3 
702 1 |a Пушко  |b Е. П.  |4 340 
712 0 2 |a Казахский научно-исследовательский институт минерального сырья  |2 stltpush  |3 (RuTPU)RU\TPU\col\8431  |9 24524 
801 1 |a RU  |b 63413507  |c 20060111  |g PSBO 
801 2 |a RU  |b 63413507  |c 20170829  |g PSBO 
942 |c BK